|
|
|
|
| LEADER |
00000nam0a2200000 4500 |
| 001 |
282132 |
| 005 |
20231101235453.0 |
| 020 |
|
|
|a RU
|b 84-71118
|
| 035 |
|
|
|a (RuTPU)RU\TPU\book\306005
|
| 090 |
|
|
|a 282132
|
| 100 |
|
|
|a 20150128d1984 k y0rusy5003 ca
|
| 101 |
0 |
|
|a rus
|
| 102 |
|
|
|a UA
|
| 105 |
|
|
|a a z 001zy
|
| 200 |
1 |
|
|a Матричные уравнения типа свертки в теории дифракции
|f В. П. Шестопалов, А. А. Кириленко, С. А. Маслов
|g Академия наук Украинской ССР (АН УССР), Институт радиофизики и электроники
|
| 210 |
|
|
|a Киев
|c Наукова думка
|d 1984
|
| 215 |
|
|
|a 293 с.
|c ил.
|
| 320 |
|
|
|a Библиогр.: с. 277-286
|
| 606 |
1 |
|
|a Электромагнитные волны
|x Дифракция
|x (электрофизика)
|2 stltpush
|3 (RuTPU)RU\TPU\subj\20171
|9 45292
|
| 610 |
1 |
|
|a матричные уравнения
|
| 610 |
1 |
|
|a канонические уравнения
|
| 610 |
1 |
|
|a разностные операторы
|
| 610 |
1 |
|
|a свойства
|
| 610 |
1 |
|
|a координатные задачи
|
| 610 |
1 |
|
|a метод полуобращения
|
| 610 |
1 |
|
|a некоординатные задачи
|
| 675 |
|
|
|a 537.874
|z rus
|v 4
|
| 700 |
|
1 |
|a Шестопалов
|b В. П.
|g Виктор Петрович
|4 070
|
| 701 |
|
1 |
|a Кириленко
|b А. А.
|g Анатолий Афанасьевич
|
| 701 |
|
1 |
|a Масалов
|b С. А.
|g Сергей Александрович
|
| 712 |
0 |
2 |
|a Академия наук Украинской ССР (АН УССР)
|b Институт радиофизики и электроники
|2 stltpush
|3 (RuTPU)RU\TPU\col\13464
|
| 801 |
|
0 |
|a RU
|b RuMRKP
|c 19950704
|g psbo
|
| 801 |
|
1 |
|a RU
|b 63413507
|c 20150128
|
| 801 |
|
2 |
|a RU
|b 63413507
|c 20170719
|g RCR
|
| 942 |
|
|
|c BK
|